Southville International School and Colleges
Your cart is empty.
  • Cart
  • Lists
    Public lists Eva Luna New books Lux_list list_1
    Your lists Log in to create your own lists
  • Log in to your account
  • Your cookies
  • Search history
Southville International School and Colleges
  • Advanced search
  • Recent comments
  • Most popular
  • Libraries

Log in to your account

Log in with GOOGLE


If you do not have an external account, but do have a local account, you can still log in:

  1. Home
  2. MARC view: You being beautiful :
Normal view MARC view ISBD view

You being beautiful : (Record no. 283336)

[ view plain ]
MARC details
000 -LEADER
fixed length control field 00552nam a2200169Ia 4500
008 - FIXED-LENGTH DATA ELEMENTS--GENERAL INFORMATION
fixed length control field 150223s9999 xx 000 0 und d
020 ## - INTERNATIONAL STANDARD BOOK NUMBER
International Standard Book Number 9781416572343
050 ## - LIBRARY OF CONGRESS CALL NUMBER
Classification number RA 776.096
Item number .R741 2008
100 ## - MAIN ENTRY--PERSONAL NAME
Personal name Roizen, Michael et. al.
245 ## - TITLE STATEMENT
Title You being beautiful :
Remainder of title the owner's manual to inner and outer beauty /
Statement of responsibility, etc Michael Roizen et. al.
250 ## - EDITION STATEMENT
Edition statement Hardcover ed. 2008
260 ## - PUBLICATION, DISTRIBUTION, ETC. (IMPRINT)
Place of publication, distribution, etc New York :
Name of publisher, distributor, etc Free Press,
Date of publication, distribution, etc 2008
300 ## - PHYSICAL DESCRIPTION
Extent 419 pages :
Other physical details Illustration ;
Dimensions 24 cm.
504 ## - BIBLIOGRAPHY, ETC. NOTE
Bibliography, etc Includes Index.
650 ## - SUBJECT ADDED ENTRY--TOPICAL TERM
Topical term or geographic name as entry element Beauty
General subdivision Personal.
650 ## - SUBJECT ADDED ENTRY--TOPICAL TERM
Topical term or geographic name as entry element Health

No items available.

You being beautiful :

APA

Roizen M. e. a., . (2008). You being beautiful. New York: Free Press.

Chicago

Roizen Michael et al, . 2008. You being beautiful. New York: Free Press.

Harvard

Roizen M. e. a., . (2008). You being beautiful. New York: Free Press.

MLA

Roizen Michael et al, . You being beautiful. New York: Free Press. 2008.

  • Print
  • Cite
  • Add to your cart (remove)
  • Save record
    BIBTEX Dublin Core MARCXML MARC (non-Unicode/MARC-8) MARC (Unicode/UTF-8) MARC (Unicode/UTF-8, Standard) MODS (XML) RIS
  • More searches
    Search for this title in:
    Other Libraries (WorldCat) Other Databases (Google Scholar) Online Stores (Bookfinder.com) Open Library (openlibrary.org)

Exporting to Dublin Core...

SOUTHVILLE LIBRARY

Southville International School and Colleges Library

1281 Tropical Ave. Cor. Luxembourg St., BF Homes International, Las Pinas City

Tel. No. 8256374 / 252358 Loc. 117/146

Powered by Koha